Largest Cities Between 10° and 20° North Latitude - Statistics

General Stats
  • This quiz has been taken 177 times
  • The average score is 21 of 26
Answer Stats
# Population Nat. Coordinates Answer % Correct
3 25,400,000 Mexico 19°26′N 99°8′W Mexico City
97%
2 27,600,000 India 19°04′34″N 72°52′39″E Mumbai
97%
1 27,800,000 Philippines 14°35′45″N 120°58′38″E Manila
96%
4 21,800,000 Thailand 13°45′09″N 100°29′39″E Bangkok
95%
6 14,300,000 Vietnam 10°46′32″N 106°42′07″E Ho Chi Minh City
95%
17 3,850,000 Venezuela 10°28′50″N 66°54′13″W Caracas
92%
7 12,900,000 India 13°4′57″N 80°16′30″E Chennai
91%
5 14,700,000 India 12°58′44″N 77°35′30″E Bangalore
89%
8 11,700,000 India 17°21′42″N 78°28′29″E Hyderābād
89%
13 5,350,000 Nigeria 12°00′N 8°31′E Kano
86%
23 2,925,000 Cambodia 11°34′10″N 104°55′16″E Phnom Penh
85%
10 7,200,000 Sudan 15°36′N 32°30′E Khartoum
84%
19 3,375,000 Guatemala 14°38′30″N 90°30′48″W Guatemala City
83%
16 3,900,000 Dominican Republic 18°27′45″N 69°56′10″W Santo Domingo
83%
20 3,275,000 Yemen 15°20′54″N 44°12′23″E Sana'a
82%
12 5,650,000 Myanmar 16°47′42″N 96°09′36″E Yangon
82%
22 3,050,000 Haiti 18°35′39″N 72°18′26″W Port-au-Prince
81%
11 5,700,000 Mali 12°38′21″N 08°00′10″W Bamako
79%
15 4,225,000 Senegal 14°41′34″N 17°26′48″W Dakar
79%
18 3,425,000 Burkina Faso 12°22′07″N 01°31′39″W Ouagadougou
77%
9 8,000,000 India 18°31′13″N 73°51′24″E Pune
73%
25 2,800,000 Philippines 10°17′35″N 123°54′07″E Cebu
72%
14 4,300,000 Mexico 19°02′N 98°11′W Puebla
68%
24 2,825,000 Venezuela 10°38′N 71°38′W Maracaibo
66%
21 3,075,000 India 11°00′03″N 76°57′48″E Coimbatore
33%
26 2,725,000 Mexico 19°17′33″N 99°39′25″W Toluca
33%
No matching quizzes found
Score Distribution
Percent of People with Each Score
Percentile by Number Answered
Your Score History
You have not taken this quiz